20 Most Streamed Songs from 2005 on Spotify - Statistics

General Stats
  • This quiz has been taken 197 times
    193 since last reset
  • The average score is 13 of 20
Answer Stats
Artist Song % Correct
Shakira Hips Don't Lie
94%
Kanye West Gold Digger
90%
Gwen Stefani Hollaback Girl
80%
50 Cent Candy Shop
79%
Eminem Mockingbird
79%
Kelly Clarkson Because Of You
79%
Kelly Clarkson Since U Been Gone
79%
Gorillaz Feel Good Inc.
78%
Coldplay Fix You
71%
Rihanna Pon de Replay
64%
James Blunt You're Beautiful
62%
The Fray How to Save a Life
61%
Panic! At The Disco I Write Sins Not Tragedies
59%
Black Eyed Peas Pump It
57%
Fall Out Boy Sugar, We're Going Down
57%
Sean Paul Temperature
57%
Daniel Powter Bad Day
49%
Foo Fighters Best of You
32%
Fort Minor Remember The Name
19%
Jack Johnson Better Together
14%
No matching quizzes found
Score Distribution
Percent of People with Each Score
Percentile by Number Answered
Your Score History
You have not taken this quiz since the last reset